| 000 | 00580nam a2200193 a 4500 | ||
|---|---|---|---|
| 005 | 20240925065127.0 | ||
| 008 | 991125s1990 mad 000 0 spa u | ||
| 020 | _a8471123398 | ||
| 035 | _aUPN01000043858 | ||
| 049 | _aCG | ||
| 050 | 4 |
_aHM251 _bF4.6 |
|
| 100 | 1 | _aFernández Dols, José Miguel | |
| 245 | 1 | 0 |
_aPatrones para el diseño de la psicología social / _cJosé Miguel Fernández Dols ; pról. J. Francisco Morales. |
| 260 |
_aMadrid : _bMorata, _c1990. |
||
| 300 | _a157 p. | ||
| 440 | 0 |
_aSociología. _pDemos |
|
| 650 | 4 |
_aPsicología social _95889 |
|
| 905 | _aLibro | ||
| 999 |
_c43858 _d43858 |
||